|
|
|
|
| LEADER |
00000nkmaa2200000 a 4500 |
| 001 |
vtls011501634 |
| 003 |
SK-MaSNL |
| 005 |
20260331210918.0 |
| 007 |
kh bo |
| 008 |
230802e1971 xo | |||0 k|slo |
| 035 |
|
|
|a urn:nbn:sk:snk-km00c0xv
|
| 035 |
|
|
|a urn:nbn:sk:snk-km3lpib
|
| 035 |
|
|
|a 12FDF3BD-3CAA-4E23-8A00-BF0B0E1FCC62
|
| 040 |
|
|
|a SNKLA
|b slo
|c SNKLA
|e AACR2
|
| 041 |
0 |
|
|a slo
|
| 044 |
|
|
|a xo
|c SK
|
| 100 |
1 |
|
|a Lašut, Filip,
|d 1945-2012
|4 pht
|9 151668
|
| 245 |
1 |
0 |
|a [Vedecký seminár o M. M. Hodžovi a S. B. Hroboňovi]
|h grafika
|
| 260 |
|
|
|a [S.l.
|b s.n.]
|c 1971
|
| 300 |
|
|
|a 1 fotografia
|b čb
|c 18 x 13 cm
|
| 520 |
2 |
|
|a Zobrazenie: Vedecký seminár o M. M. Hodžovi a S. B. Hroboňovi v Demänovskej doline, 7. - 8. júna 1971. Na obr.: Edmund Hleba počas prejavu.
|
| 600 |
1 |
7 |
|a Hodža, Michal Miloslav,
|d 1811-1870
|2 SNKMA
|9 184937
|
| 600 |
1 |
7 |
|a Hroboň, Samo Bohdan,
|d 1820-1894
|2 SNKMA
|9 258611
|
| 600 |
1 |
7 |
|a Hleba, Edmund,
|d 1926-2011
|2 SNKMA
|9 169917
|
| 611 |
2 |
7 |
|a Vedecký seminár o M. M. Hodžovi a S. B. Hroboňovi
|d 1971
|c Demänovská dolina, Slovensko
|9 340774
|
| 650 |
0 |
7 |
|a semináre
|2 SNKPH
|9 18562
|
| 655 |
|
7 |
|a fotografie
|2 SNKPH
|9 70713
|
| 852 |
7 |
|
|a Slovenská národná knižnica
|b Literárny archív
|
| 958 |
|
|
|a ZO
|
| 958 |
|
|
|a BLA
|
| 999 |
|
|
|c 1187921
|d 1189851
|
| 952 |
|
|
|a SNKLA
|b SNKLA
|c SNKLA_DEP
|y NEVYP
|7 0
|p 17A1007743
|o snkK 4/119
|i snkLA 3918/1980
|0 0
|1 0
|4 0
|d 2016-02-24
|f 1
|l 0
|r 2026-02-24 22:01:27
|w 2026-02-24
|